[Event "Tata Steel GCT Rapid 2019"]
[Site "Kolkata"]
[Date "2019.11.22"]
[Round "3.2"]
[White "So, Wesley"]
[Black "Harikrishna, Pentala"]
[Result "1/2-1/2"]
[WhiteElo "2760"]
[BlackElo "2731"]
[Annotator "TA"]
[PlyCount "87"]
[EventDate "2019.11.22"]
[EventType "tourn"]
[EventCountry "IND"]
[SourceTitle "playchess.com"]
[Source "ChessBase"]
[SourceQuality "1"]

{[%evp 11,87,12,15,0,13,0,0,0,0,0,6,0,0,0,-7,0,32,0,14,16,15,15,27,24,37,35,38,37,46,39,47,24,33,33,32,27,25,17,17,17,24,22,40,29,35,13,13,13,13,13,23,17,18,16,18,0,11,0,4,0,0,0,0,-9,0,0,0,0,0,0,0,0,0,0,0,0,0,0]} 1. c4 Nf6 2. g3 e6 3. Bg2 d5 4. Nf3 Be7 5. O-O O-O 6. b3 d4 7. Bb2 {A14: English Opening: 1...e6 with b3 by White} (7. e3 c5 8. exd4 cxd4 9. Re1 Nc6 10. Bb2 Bd6 11. Nxd4 Nxd4 12. Bxd4 Bxg3 13. hxg3 Qxd4 14. Nc3 Ng4 15. Qf3 f5 16. Nb5 Qb6 17. Qf4 e5 18. Rxe5 Nxe5 19. Qxe5 {1-0 (37) Artemiev,V (2761)-Korobov,A (2687) Poikovsky 2019}) 7... c5 8. b4 Nc6 9. b5 Na5 10. d3 Bd6 11. Nbd2 h6 $146 ({Predecessor:} 11... a6 12. a4 h6 13. e3 e5 14. exd4 exd4 15. Nb3 Nxb3 16. Qxb3 {0-1 (41) Madeira,W (2168)-Quintiliano Pinto,R (2469) Aldeia de Barueri 2017}) 12. e3 e5 13. Re1 Qc7 14. Qc2 Bd7 15. exd4 exd4 16. Ne4 Nxe4 17. Rxe4 Bf5 18. Re2 Rae8 19. Rae1 Qd7 20. Bc1 b6 21. Bd2 Rxe2 22. Rxe2 Re8 23. Bxa5 bxa5 24. Nh4 Rxe2 25. Qxe2 Bg4 26. Bf3 Be6 27. Bc6 Qe7 28. Qe4 Bh3 29. Qxe7 Bxe7 $11 {[%mdl 4096] Endgame KBB-KBN} 30. Nf3 Bd6 31. Nd2 Bc7 {The position is equal.} 32. Ne4 Bb6 33. f4 Kf8 34. Nf2 Bc8 35. Kg2 f5 36. h4 Ke7 37. Bf3 a4 38. a3 Ba5 39. Nd1 {[#]} Bb4 $1 {[%mdl 512]} 40. Nb2 ({Not} 40. axb4 $2 a3 $19) 40... Bxa3 41. Nxa4 Kd6 42. b6 axb6 43. Nxb6 Kc7 44. Nxc8 {Accuracy: White = 60%, Black = 62%.} 1/2-1/2

[Event "Tata Steel GCT Rapid 2019"]
[Site "Kolkata"]
[Date "2019.11.22"]
[Round "3.3"]
[White "Aronian, Levon"]
[Black "Carlsen, Magnus"]
[Result "0-1"]
[WhiteElo "2772"]
[BlackElo "2870"]
[Annotator "TA"]
[PlyCount "86"]
[EventDate "2019.11.22"]
[EventType "tourn"]
[EventCountry "IND"]
[SourceTitle "playchess.com"]
[Source "ChessBase"]
[SourceQuality "1"]

{[%evp 23,136,27,28,33,39,0,0,0,0,0,0,0,0,0,0,0,0,0,12,12,28,22,7,11,35,39,69,52,102,0,0,0,0,0,0,0,0,0,0,-21,-21,-64,-59,-68,-41,-147,-131,-138,-140,-137,-140,-157,-165,-145,-167,-160,-148,-192,-121,-180,-185,-189,-165,-217,-192,-192,-195,-196,-181,-518,-494,-870,-858,-827,0,-795,-771,-1311,-1158,-1318,-1219,-1303,-1288,-1284,-1323,-952,-6379,-6829,-912,-12832,-12832,-12833,-12833,-12833,-12834,-12834,-12835,-12835,-12835,-12839,-12839,-12840,-12840,-12841,-12841,-12841,-12842,-12842,-12843,-12843,-12842,-12844,-12844,-12842,-12841]} 1. e4 c5 2. Nf3 d6 3. d4 cxd4 4. Nxd4 Nf6 5. Nc3 a6 6. f3 e5 7. Nb3 Be6 8. Be3 Nbd7 ({Predecessor:} 8... Be7 9. Qd2 O-O 10. O-O-O Nbd7 11. a3 b5 12. g4 Nb6 13. g5 Nh5 14. Na5 Rc8 {½-½ (28) Efremov,A (2550)-Matyukhin,S (2503) ICCF email 2013}) 9. g4 Be7 10. Qd2 O-O 11. O-O-O b5 12. g5 Nh5 13. Kb1 {B90: Sicilian Najdorf: Unusual White 6th moves, 6 Be3 Ng4 and 6 Be3 e5} Nb6 14. Na5 {Hoping for Nc6.} Rc8 15. a3 {The position is equal.} g6 16. h4 Ng3 {[#]} 17. Rg1 $146 (17. Rh2 Nxf1 18. Rxf1 h5 19. Bxb6 Qxb6 20. Nd5 Bxd5 21. exd5 {½-½ (35) Navara,D (2739)-Wojtaszek,R (2722) Prague 2019}) 17... Nxf1 18. Rgxf1 Na4 $1 {[%cal Ra4c3]} 19. Nxa4 bxa4 20. h5 Qd7 21. Rh1 Rfe8 $1 22. Qh2 Bf8 $1 23. Bd2 Rc7 24. Bb4 Rb8 25. Rd3 Qb5 26. Rc3 (26. c4 $1 $16 {[%cal Rc4b5]} Qb6 27. c5 $1 {[%mdl 512]} dxc5 28. Bc3) 26... Rbc8 $11 27. Rxc7 Rxc7 28. Rd1 Rd7 29. Rd3 Be7 (29... Qb6 {is interesting.} 30. hxg6 fxg6 31. Rc3 Rc7 32. Rd3 Be7) 30. hxg6 fxg6 $40 {[%mdl 128] White needs to defend precisely.} 31. Qd2 Qb6 32. Qc1 Bd8 33. c4 Qf2 $1 34. Nc6 (34. Bd2 $15) 34... Bxg5 $1 $17 {[%mdl 64] Deflection} 35. Qxg5 Qf1+ {[%mdl 64] Double Attack} 36. Kc2 {aiming for Nxe5!} Bxc4 37. Qe3 {Strongly threatening Nxe5!} Bxd3+ ({Stronger than} 37... Rc7 38. Rxd6 Bb3+ 39. Kc3 $11) 38. Qxd3 Qxd3+ 39. Kxd3 h5 $1 40. Ke3 Kf7 (40... Rc7 $19 41. Nb8 h4 42. Bxd6 {[%mdl 64] Double Attack} Rc2 43. Bxe5 h3 44. Nxa6 Kf7) 41. Bc3 (41. Ba5 $17 {was called for.}) 41... Ke6 $19 42. Nb4 g5 $1 43. Kf2 (43. Nd3 $142) 43... g4 {Played: Rd7-f7} 0-1

[Event "Tata Steel GCT Rapid 2019"]
[Site "Kolkata"]
[Date "2019.11.22"]
[Round "3.4"]
[White "Nepomniachtchi, Ian"]
[Black "Anand, Viswanathan"]
[Result "1-0"]
[WhiteElo "2773"]
[BlackElo "2757"]
[Annotator "TA"]
[PlyCount "43"]
[EventDate "2019.11.22"]
[EventType "tourn"]
[EventCountry "IND"]
[SourceTitle "playchess.com"]
[Source "ChessBase"]
[SourceQuality "1"]

{[%evp 9,43,5,17,17,44,0,0,-7,-7,-32,-18,-6,-7,0,0,0,0,0,0,-6,14,29,72,82,96,86,401,371,477,476,488,483,492,468,500,487]} 1. c4 e5 2. g3 Nf6 3. Bg2 Bc5 4. Nc3 c6 5. Nf3 e4 $146 (5... d6 6. O-O O-O 7. d4 exd4 8. Nxd4 Re8 9. b3 Nbd7 10. Bb2 Ne5 11. h3 a6 12. e3 Bd7 13. g4 h6 14. Nf5 Nfxg4 15. hxg4 h5 16. Ne4 Nxg4 17. Nxc5 Bxf5 18. Nxb7 {1-0 (18) Lagarde,M (2626)-Gozzoli,Y (2614) Chartres 2019}) 6. Nh4 {A23: English Opening: 1...e5 2 Nc3 Nf6 3 g3 c6} d5 7. d4 Be7 8. cxd5 {The position is equal.} cxd5 9. O-O O-O 10. f3 exf3 11. Rxf3 Nc6 12. Nf5 $36 {[%mdl 2048] White has the initiative.} Ne4 13. Rf1 Bf6 14. e3 Nxc3 15. bxc3 Be6 16. Rb1 Qd7 17. e4 {aiming for Nh6+!} Rfe8 $2 {[%mdl 8192] [#]} (17... Bxf5 $16 {is more resistant.} 18. Rxf5 dxe4 19. Bxe4 Rfe8) 18. Nh6+ $1 $18 {[%mdl 512]} Kh8 {[#] Now ...dxe4 and Black clings on.} (18... gxh6 19. Rxf6) 19. Rxf6 $1 {[%mdl 512] White is clearly winning.} gxf6 {[#]} 20. Qf3 $1 {[%csl LRd5,LRf6][%cal Rf3f6][%mdl 512]} Kg7 21. exd5 Bxd5 22. Nf5+ {Accuracy: White = 74%, Black = 55%.} 1-0

[Event "Tata Steel GCT Rapid 2019"]
[Site "Kolkata"]
[Date "2019.11.22"]
[Round "3.5"]
[White "Ding, Liren"]
[Black "Vidit, Santosh Gujrathi"]
[Result "1/2-1/2"]
[WhiteElo "2801"]
[BlackElo "2722"]
[Annotator "TA"]
[PlyCount "163"]
[EventDate "2019.11.22"]
[EventType "tourn"]
[EventCountry "IND"]
[SourceTitle "playchess.com"]
[Source "ChessBase"]
[SourceQuality "1"]

{[%evp 9,162,4,0,-1,2,2,2,3,28,19,48,13,17,17,17,15,4,0,10,18,48,37,46,47,44,46,36,37,47,43,47,58,56,54,67,52,82,61,68,65,90,41,40,8,65,68,74,61,113,36,43,41,58,64,52,22,36,37,44,29,50,50,50,50,50,39,101,72,117,104,120,103,112,0,104,54,44,45,58,56,56,38,38,39,49,54,51,48,59,30,190,180,1189,1152,1189,1142,1054,579,571,410,359,8,8,8,8,8,8,8,8,8,5720,5630,4745,4616,3118,0,2885,0,1693,1607,1534,1223,1154,1154,29960,29962,29962,29963,29962,29964,29964,29965,29967,29969,29967,29970,29970,29971,29971,29972,29972,29972,29973,29974,29974,29975,29989,29984,29983,75,75,0,0,0,0]} 1. c4 c5 2. g3 g6 3. Bg2 Bg7 4. Nc3 Nc6 5. d3 d6 6. Qd2 {A36: Symmetrical English vs ...g6: 4 Bg2 Bg7} Nf6 (6... e6 7. b3 Nge7 8. Bb2 O-O 9. h4 d5 10. h5 b6 11. hxg6 hxg6 12. Nf3 d4 13. Ne4 e5 {1-0 (69) Svidler,P (2729)-Gelfand,B (2686) Amsterdam 2019}) 7. b3 O-O 8. Bb2 Rb8 9. e3 Bf5 $146 ({Predecessor:} 9... a6 10. Nge2 Qc7 11. Nf4 e6 12. h4 b5 13. h5 Ne7 {1-0 (40) Fahrner,K (2319)-Koscak,J (1783) Graz 2011}) 10. h3 Nb4 11. e4 Bd7 12. Nge2 a6 13. O-O b5 14. Nd5 Nc6 15. Nxf6+ Bxf6 16. Bxf6 exf6 17. cxb5 axb5 18. d4 cxd4 19. Nxd4 Nxd4 20. Qxd4 Be6 21. Rfd1 Rb6 22. Rd2 b4 23. Rc1 Kg7 24. f4 h5 25. f5 gxf5 26. Rf1 Re8 ({Black should play} 26... fxe4 $11 27. Rdf2 Rb5) 27. exf5 $14 Bd7 28. Qh4 Rh8 ({Better is} 28... Qe7 $14) 29. Bd5 (29. g4 $16) 29... Rb5 30. Kh2 Qe7 {Black wants to play ...Rxd5!} 31. Rff2 Qe3 32. Qf4 Qxf4 33. Rxf4 Rc8 34. g4 $36 {[%mdl 2048] White has good play.} hxg4 35. hxg4 Bc6 36. Bxc6 Rxc6 {[%mdl 4096] Endgame KRR-KRR} 37. Rfd4 Rbb6 (37... Kh6 $1 $14) 38. Kg3 $16 Kf8 39. Kf4 Kg7 40. Ke4 Kf8 41. Kf4 Kg7 42. g5 fxg5+ 43. Kxg5 f6+ 44. Kf4 Kf7 45. Rh2 Rc1 46. Rh7+ Kg8 47. Ra7 Rf1+ 48. Kg4 Rg1+ 49. Kh5 Rg5+ $2 (49... Rg7 $1 $11 50. Ra8+ Kh7) 50. Kh6 $18 Rxf5 $2 (50... Rg2 51. Re4 Rb8) 51. Kg6 {White threatens Ra8+ and mate.} Rfb5 {[#]} 52. Rxd6 $1 {[%cal Rd6d8][%mdl 512]} Rg5+ (52... Rxd6 53. Ra8+) 53. Kxf6 $1 Rxd6+ 54. Kxg5 {KR-KR} Kf8 55. Kf5 $2 (55. Kf4 $1 $18 {[%cal Rf4e3]} Ke8 56. Ke3) 55... Ke8 $1 $11 56. Ke5 (56. Ra5 {feels hotter.} Kd7 57. Ke5 Rc6 58. Kd4 Rc3 59. Rc5) 56... Rd2 57. Ke4 Kd8 $1 58. Ke3 Rh2 59. Kd4 {Black must now prevent Kc4.} Kc8 $2 {[%mdl 8192]} (59... Rc2 $11) 60. Kc5 $18 Kb8 61. Ra4 Kc7 62. Ra7+ Kb8 63. Ra4 Kc7 $1 64. Kxb4 Kb6 65. Ra8 Kb7 66. Ra5 Kb6 67. Rb5+ Ka6 {[#]} 68. a4 $1 Rh4+ 69. Ka3 Rh3 70. Rg5 Kb6 71. a5+ Ka6 72. Ka4 Rh1 73. Rg6+ Kb7 74. a6+ Ka7 75. b4 Rh5 76. b5 Rf5 77. Ka5 Rf8 78. Rg7+ Kb8 79. a7+ $2 (79. Rg5 {mates} Rf1 80. Rg8+ Kc7 81. b6+ Kc6 82. Rc8+ Kd6 83. b7 Ke6 84. b8=Q Ra1+ 85. Kb6 Rb1+ 86. Kc7 Rc1+ 87. Kd8) 79... Ka8 $16 {[#]} 80. b6 (80. Rg6 $1 $16 {aiming for b6.} Kxa7 81. Rg7+ Kb8 82. Ka6) 80... Rf5+ $11 81. Ka6 Ra5+ $1 82. Kxa5 {Accuracy: White = 58%, Black = 46%.} 1/2-1/2

[Event "Tata Steel GCT Rapid 2019"]
[Site "Kolkata"]
[Date "2019.11.23"]
[Round "4.1"]
[White "Vidit, Santosh Gujrathi"]
[Black "Giri, Anish"]
[Result "1/2-1/2"]
[WhiteElo "2722"]
[BlackElo "2776"]
[Annotator "TA"]
[PlyCount "60"]
[EventDate "2019.11.22"]
[EventType "tourn"]
[EventCountry "IND"]
[SourceTitle "playchess.com"]
[Source "ChessBase"]
[SourceQuality "1"]

{[%evp 9,60,31,29,10,18,0,26,34,43,4,11,18,29,11,8,8,10,9,15,15,8,11,1,-37,-44,-29,-11,-8,-12,-11,-15,-23,-36,-50,-9,-19,-18,-10,-18,-19,-19,-18,-18,-18,-18,-18,-16,-17,-15,-10,-13,-15,-8]} 1. d4 Nf6 2. c4 g6 3. Nc3 Bg7 4. g3 O-O 5. Bg2 Nc6 6. Bf4 {E61: King's Indian: Early deviations for White, including Smyslov System} (6. Nf3 d5 7. cxd5 Nxd5 8. O-O e5 9. Nxd5 e4 10. Nd2 Qxd5 11. e3 f5 12. b3 Be6 13. Ba3 Rfd8 14. Rc1 Qd7 15. Qc2 Rac8 16. Rfd1 {0-1 (91) Duda,J (2737)-Grischuk,A (2766) chess.com INT 2018}) 6... d6 7. Nf3 Bf5 8. d5 $146 {White has an edge.} ({Predecessor:} 8. Rc1 Ne4 9. Nd5 e5 10. Be3 Nf6 11. dxe5 dxe5 12. Bg5 Be6 13. e4 Kh8 14. Qb3 b6 {1-0 (48) Tadic,B (2473)-Maksimovic,B (2289) Nova Gorica 2019}) 8... Na5 9. Nd2 {Hoping for b4.} c5 10. e4 Bg4 11. Qc2 a6 12. h3 Bd7 13. Rb1 b5 14. b3 e5 15. dxe6 Bxe6 {[%cal Rb5c4]} 16. cxb5 axb5 17. Nxb5 Nc6 $1 18. O-O (18. Bxd6 Nb4 $17) 18... Nb4 19. Qd1 {[#] a3 is the strong threat.} Rxa2 20. Bxd6 Qd7 {And now ...Rd8 would win.} 21. e5 Ne8 22. Nc3 {The position is equal.} Nxd6 23. Nxa2 Nxa2 24. exd6 {Strongly threatening Ne4.} Nc3 {[%mdl 64] [#] Double Attack} 25. Qc2 Nxb1 26. Rxb1 Qxd6 27. Ne4 $1 {[%cal Re4d6]} Bf5 28. Nxd6 Bxc2 29. Rc1 Bxb3 30. Rxc5 Rd8 {Accuracy: White = 78%, Black = 84%.} 1/2-1/2

[Event "Tata Steel GCT Rapid 2019"]
[Site "Kolkata"]
[Date "2019.11.23"]
[Round "4.2"]
[White "Anand, Viswanathan"]
[Black "Aronian, Levon"]
[Result "1-0"]
[WhiteElo "2757"]
[BlackElo "2772"]
[Annotator "TA"]
[PlyCount "99"]
[EventDate "2019.11.22"]
[EventType "tourn"]
[EventCountry "IND"]
[SourceTitle "playchess.com"]
[Source "ChessBase"]
[SourceQuality "1"]

{[%evp 12,99,20,14,22,20,49,29,40,9,17,11,9,0,7,0,0,-8,0,0,0,-10,-10,-9,0,0,0,0,0,5,13,0,0,0,0,-10,0,0,0,0,12,0,0,0,0,0,0,-10,0,-22,-20,-93,-101,-91,0,0,43,43,227,219,218,227,227,208,450,450,446,444,616,678,695,697,648,699,642,638,708,700,4627,4172,29967,29970,29976,29977,29977,29978,29980,29981,29981,29982]} 1. e4 e5 2. Nf3 Nc6 3. Bc4 Nf6 4. d3 Bc5 5. O-O O-O 6. c3 d6 7. Re1 Bb6 {C54: Giuoco Piano: 4 c3 Nf6, main lines with 5 d4 and 5 d3} (7... a6 8. a4 Ba7 9. Nbd2 Ng4 10. Re2 Kh8 11. h3 f5 12. Nf1 fxe4 13. dxe4 Nh6 14. Re1 Qf6 15. Ng3 Bxh3 {0-1 (62) Alekseenko,K (2671)-Ding,L (2811) Khanty-Mansiysk 2019}) (7... a6 8. a4 Ba7 9. h3 Kh8 10. d4 h6 11. dxe5 Nxe5 12. Nxe5 dxe5 13. Qxd8 Rxd8 14. Nd2 Kg8 15. Nf3 {½-½ (31) Anand,V (2771)-Aronian,L (2780) Batumi 2018}) 8. h3 Kh8 9. a4 $146 ({Predecessor:} 9. Na3 Qe8 10. Bb3 a6 11. d4 Ba7 12. Bc2 b5 13. Be3 Ng8 14. Rc1 f6 {1-0 (49) Tseshkovsky,V (2530)-Nogueiras Santiago,J (2455) Cienfuegos 1981}) 9... Ng8 {White has an edge.} 10. b4 a6 11. a5 Ba7 12. d4 f5 13. exf5 Bxf5 14. Be3 exd4 15. Nxd4 Bxd4 16. Bxd4 Qg5 17. Re3 {Strongly threatening Rg3.} Nf6 18. Rg3 Qh4 19. Bxf6 Qxf6 20. Nd2 Ne5 21. Bf1 Rae8 22. Re3 Bd7 23. Ne4 Qf4 {And now ...d5! would win.} 24. Ra2 Ng6 25. Qd4 Bc6 {[%cal Re8e4]} 26. Rae2 Re5 27. g3 Qf5 {Threatens to win with ...Rd5.} 28. c4 d5 {[%cal Re5e4]} 29. Nc5 $1 {[%cal Re3e5]} Rxe3 30. Qxe3 dxc4 31. f4 {[#]} (31. Bg2 $1 $11) 31... h5 $1 $17 32. Qd4 h4 ({Better is} 32... Bd5 $17 {White must now prevent ...h4.} 33. Bg2 c6) 33. Ne6 $11 {[%csl Ge6][%cal Rd4g7]} Qf6 34. f5 $40 {[%mdl 128] Qxf6 is the strong threat. White has some attack.} hxg3 $2 (34... c3 $1 $14) 35. Qxf6 $18 Rxf6 36. fxg6 Rxg6 37. Re3 ({Weaker is} 37. Nxc7 g2 $17) 37... b5 $2 (37... c3) 38. axb6 cxb6 39. Bxc4 a5 40. b5 Bd7 {[#]} 41. Nf8 $1 Rd6 42. Nxd7 Rxd7 {[%mdl 4096] Endgame KRB-KR} 43. Re6 Rd4 44. Bf1 Rd2 45. Rxb6 a4 46. Ra6 {White mates.} Ra2 47. Bd3 {[%cal Ra6a8]} g5 48. b6 {[%cal Bb5b6,Bb6b7][%mdl 32]} Rb2 49. Be4 a3 50. b7 {Accuracy: White = 65%, Black = 43%.} 1-0

[Event "Tata Steel GCT Rapid 2019"]
[Site "Kolkata"]
[Date "2019.11.23"]
[Round "4.3"]
[White "Carlsen, Magnus"]
[Black "Nakamura, Hikaru"]
[Result "1-0"]
[WhiteElo "2870"]
[BlackElo "2741"]
[Annotator "TA"]
[PlyCount "85"]
[EventDate "2019.11.22"]
[EventType "tourn"]
[EventCountry "IND"]
[SourceTitle "playchess.com"]
[Source "ChessBase"]
[SourceQuality "1"]

{[%evp 10,101,0,-10,61,63,62,53,98,71,81,85,136,138,128,123,142,136,197,191,214,200,214,214,199,197,194,198,205,192,123,120,126,127,117,115,140,139,156,145,129,129,116,91,125,82,87,88,123,114,136,131,172,184,171,174,172,171,163,120,120,116,260,245,286,279,388,321,441,368,373,347,351,346,627,627,637,621,29971,29971,5381,29962,29964,29966,29971,29972,29980,1442,1105,992,6191,5666,2753,2475]} 1. c4 e5 2. Nc3 Nf6 3. Nf3 Nc6 4. d3 d5 5. cxd5 Nxd5 6. e4 Nf4 {A28: English Opening: Four Knights Variation} ({Black should play} 6... Nxc3 $11 7. bxc3 Bc5) (6... Nf6 7. Be2 Bc5 8. Be3 Bb6 9. h3 Nh5 10. Qd2 Bxe3 11. fxe3 Ng3 12. Rg1 O-O 13. Bd1 Be6 14. Ba4 {0-1 (42) Kramnik,V (2753)-Grischuk,A (2759) Amsterdam 2019}) 7. Bxf4 $14 exf4 8. d4 $1 Bd6 $146 {White is slightly better.} ({Predecessor:} 8... Bg4 9. Bb5 Bb4 10. d5 a6 11. Bxc6+ bxc6 12. Qd4 Qe7 13. Qxg7 Qxe4+ 14. Kf1 Bxc3 15. bxc3 Bxf3 {1-0 (54) Arnold,M (2505)-Dimitrov,P (2353) Bastia 2011}) 9. h3 O-O 10. a3 a6 ({Better is} 10... Re8) 11. Bc4 Kh8 12. e5 Be7 13. d5 Na5 (13... b5 $16) 14. Ba2 $18 {Strongly threatening b4.} b5 15. O-O f6 16. b4 Nc4 17. Bxc4 $1 bxc4 18. e6 Bb7 19. Qd4 c6 20. Qxc4 {aiming for Rad1.} cxd5 21. Qxf4 Rc8 22. Ne2 {[%cal Bc3e2,Be2d4,Bd4f5][%mdl 32]} Bd6 23. Qe3 a5 24. Ned4 Re8 25. Nf5 Bb8 26. Rac1 Rc4 27. N5d4 axb4 28. axb4 {[%cal Ba3b4,Bb4b5][%mdl 32]} Ba7 29. b5 Bc5 30. Qd3 Qb6 {[%cal Rc4d4]} 31. Rxc4 dxc4 32. Qxc4 Bxf3 33. Nxf3 Rxe6 34. g3 $40 {[%mdl 128] White wants a kill.} Re8 35. Kg2 Rb8 (35... h6 $16 {might work better.}) 36. Rc1 Bf8 37. Nd4 h5 38. Ne6 Ba3 39. Rc3 Bb4 40. Qxb4 Qxe6 {[%mdl 4096] Endgame KQR-KQR} 41. Rc5 Qf7 $2 (41... Kg8 42. Rxh5 Re8) 42. Qf4 Rd8 43. Qe4 {Played: Qf4-f3} 1-0

[Event "Tata Steel GCT Rapid 2019"]
[Site "Kolkata"]
[Date "2019.11.23"]
[Round "4.4"]
[White "Harikrishna, Pentala"]
[Black "Nepomniachtchi, Ian"]
[Result "1-0"]
[WhiteElo "2731"]
[BlackElo "2773"]
[Annotator "TA"]
[PlyCount "63"]
[EventDate "2019.11.22"]
[EventType "tourn"]
[EventCountry "IND"]
[SourceTitle "playchess.com"]
[Source "ChessBase"]
[SourceQuality "1"]

{[%evp 9,63,18,27,14,22,22,29,23,20,20,14,-2,21,21,18,18,25,20,29,24,25,31,27,10,16,12,12,0,0,0,0,0,47,38,60,67,54,68,154,133,141,147,141,121,335,326,328,323,395,398,392,393,360,368,465,456]} 1. e4 c5 2. Nf3 d6 3. Bb5+ Nd7 4. O-O a6 5. Bd3 Ngf6 6. c3 {B51: Sicilian: Moscow Variation (3 Bb5+) without 3...Bd7} b5 7. a4 b4 8. Bc2 {White has an edge.} Bb7 9. Re1 Qc7 10. d3 e6 11. a5 Be7 $146 ({Predecessor:} 11... bxc3 12. bxc3 Be7 {½-½ (62) McShane,L (2672)-Nepomniachtchi,I (2768) Batumi 2018}) 12. h3 O-O 13. Bf4 Rfd8 14. Nbd2 bxc3 15. bxc3 {[%cal Bb2c3,Bc3d4][%mdl 32]} Ne5 16. d4 cxd4 17. cxd4 Rac8 18. Ra2 Nc6 {Strongly threatening ...Nb4.} 19. Qb1 Rb8 20. Bd3 e5 21. Be3 {Hoping for d5.} exd4 22. Nxd4 Ne5 23. Nf5 $1 {Threatens to win with Bb6.} Rdc8 (23... Bd5 $14 24. Bb6 Bxa2 25. Bxc7 (25. Qxa2 Qd7 $16) 25... Bxb1 26. Bxa6 (26. Bxb1 Bf8 $11) (26. Nxe7+ Kf8 $16) 26... Kf8) 24. Bb6 $36 {[%mdl 2048] White is in control.} Qd7 25. Nxe7+ Qxe7 26. Bf1 Nfd7 $2 {[#]} (26... h6 $16 27. Rb2 Nc6) 27. Ba7 $1 $18 Bd5 {[#]} 28. Rc2 $1 ({Not} 28. Bxb8 Bxa2 29. Qxa2 Nxb8 $16) 28... Rxb1 29. Rxc8+ Nf8 30. Rxb1 Bb7 31. Rb8 Bxe4 {[#]} 32. Rxf8+ $1 {[%mdl 512] Accuracy: White = 78%, Black = 63%.} 1-0

[Event "Tata Steel GCT Rapid 2019"]
[Site "Kolkata"]
[Date "2019.11.23"]
[Round "4.5"]
[White "Ding, Liren"]
[Black "So, Wesley"]
[Result "0-1"]
[WhiteElo "2801"]
[BlackElo "2760"]
[Annotator "TA"]
[PlyCount "82"]
[EventDate "2019.11.22"]
[EventType "tourn"]
[EventCountry "IND"]
[SourceTitle "playchess.com"]
[Source "ChessBase"]
[SourceQuality "1"]

{[%evp 11,82,7,25,12,20,15,12,12,27,27,23,22,14,11,24,17,22,0,13,20,64,58,72,52,36,17,83,81,77,71,102,100,106,91,95,92,87,50,112,62,60,54,60,0,45,35,42,43,42,42,42,39,31,31,40,28,85,85,83,64,112,-3,-8,-558,-547,-887,-814,-6079,-5562,-5406,-4134,-5210,-608]} 1. d4 Nf6 2. c4 e6 3. Nf3 d5 4. Nc3 Be7 5. Bg5 h6 6. Bh4 dxc4 7. e3 {D53: Queen's Gambit Declined: 4 Bg5 Be7: Early deviations} c5 8. Bxc4 cxd4 9. Nxd4 {The position is equal.} Bd7 $146 ({Predecessor:} 9... O-O 10. O-O Bd7 11. Qb3 Nc6 12. Nxc6 Bxc6 13. Rfd1 Qa5 14. Bb5 Bxb5 15. Nxb5 {½-½ (33) Van Wely,L (2667)-Anand,V (2760) Baden-Baden 2018}) 10. O-O Nc6 11. Nf3 O-O 12. Rc1 Rc8 13. a3 Qb6 14. Na4 Qc7 {White should prevent ...Na5.} 15. b4 a6 16. Bd3 e5 17. Nc5 Rfd8 18. Qb3 Bg4 (18... Bxc5 $1 $11 {keeps the balance.} 19. Bxf6 gxf6 20. Rxc5 Be6) 19. Bxf6 $1 $16 Bxf6 20. Be4 Rd6 21. h3 Bd7 22. Rc2 Be8 23. Rfc1 Rcd8 24. g4 h5 (24... Qe7 $14) 25. Kg2 hxg4 26. hxg4 b6 27. Nd3 (27. Nxa6 $14 Qc8 28. Kg3) 27... Qd7 (27... Qe7 $5 {[%cal Rd6d3]}) 28. Kg3 Rxd3 29. Qxd3 Qxd3 30. Bxd3 Rxd3 31. g5 Be7 {Strongly threatening ...e4.} 32. Rxc6 Bxc6 33. Rxc6 $14 {[%mdl 4096] Endgame KRB-KRN} e4 (33... Rxa3 $11 {remains equal.} 34. Rxb6 (34. Nxe5 b5 $14) 34... e4) 34. Ne5 $16 Bd6 35. Kf4 Rd5 36. Rc8+ (36. g6 $1 $16 fxg6 37. Kxe4 Rxe5+ 38. Kd4) 36... Kh7 $11 37. Re8 $2 {[%mdl 8192] [#]} (37. g6+ $1 $11 fxg6 38. Re8) 37... Rxe5 $1 $19 {Black is clearly winning.} 38. Rxe5 {[#]} f6 $1 39. gxf6 gxf6 {[%mdl 64] Pin} 40. Kxe4 Bxe5 41. Kd5 Bb2 {Accuracy: White = 44%, Black = 53%.} (41... b5 $142 42. Kc5 Bb2) 0-1